000 01008cab a2200313 4500
001 ABS52539
008 090401t1995 xxu||||| |||| 00| 0 eng d
035 _a(Sirsi) u83843
041 _aeng
100 _aBradford, K.
245 _aHeadline rent in the Court of Appeal
260 _c1995
350 _a0
490 _aProperty Review
_v5(2) March 1995, 68(1)
520 _aConsiders the Court of Appeal`s position on headline rents as established in recent rent review cases.
650 _aBROADGATE SQUARE PLC V LEHMANN BROTHERS
650 _aCO-OPERATIVE WHOLESALE SOCIETY V NATIONAL WESTMINSTER BANK
650 _aHEADLINE RENTS
650 _aINDUCEMENTS
650 _aLEASE INCENTIVES
650 _aPRUDENTIAL NOMINEES V GREENHAM TRADING
650 _aRENT REVIEW
650 _aRENT REVIEWS
650 _aRENT-FREE PERIODS
650 _aSCOTTISH AMICABLE LIFE ASSURANCE SOCIETY V MIDDLETON
690 _aLANDLORD AND TENANT-RENT REVIEWS
942 _n0
948 _c04/03/1997
999 _c52839
_d52839